Výkonovo orientované financovanie výskumu
Financovanie verejných služieb najmä na úrovni podpory univerzít ako hlavného nositeľa verejných služieb, špeciálne v oblasti podpory výskumu a vývoja. Využívanie výkonovo orientovaného financovania.
Enregistré dans:
| Auteur principal: | |
|---|---|
| Autres auteurs: | |
| Format: | Chapitre de livre |
| Langue: | slovaque |
| Sujets: | |
| Tags: |
Pas de tags, Soyez le premier à ajouter un tag!
|
MARC
| LEADER | 00000naa$a2200000$$$4500 | ||
|---|---|---|---|
| 001 | 0228781 | ||
| 005 | 20240502073750.6 | ||
| 041 | 0 | |a slo | |
| 044 | |a SK | ||
| 245 | 1 | 0 | |a Výkonovo orientované financovanie výskumu |c Miroslav Šipikal, Valéria Némethová |
| 520 | |a Financovanie verejných služieb najmä na úrovni podpory univerzít ako hlavného nositeľa verejných služieb, špeciálne v oblasti podpory výskumu a vývoja. Využívanie výkonovo orientovaného financovania. | ||
| 610 | 2 | 0 | |a financie verejné |
| 610 | 2 | 0 | |a financovanie vývoja |
| 610 | 2 | 0 | |a financovanie vedy |
| 610 | 2 | 0 | |a politika rozpočtová |
| 610 | 2 | 0 | |a stimuly ekonomické |
| 610 | 2 | 0 | |a univerzity |
| 100 | 1 | |a Šipikal, Miroslav, 1976- | |
| 700 | 1 | |a Némethová, Valéria, 1987- | |